Seventeen - Jane Remover - Statistics

General Stats
  • This quiz has been taken 24 times
  • The average score is 166 of 337
Answer Stats
Answer % Correct
A/C
100%
a
94%
I
89%
do
78%
no
78%
to
78%
who
78%
and
72%
have
72%
seventeen
72%
the
72%
turn
72%
up
72%
you
72%
as
67%
i'll
67%
I'll
67%
me
67%
me?
67%
my
67%
not
67%
on
67%
when
67%
be
61%
but
61%
'cause
61%
friends
61%
I'm
61%
in
61%
it
61%
too
61%
are
56%
Don't
56%
don't
56%
go
56%
hate
56%
just
56%
room
56%
shit
56%
sit
56%
they
56%
at
50%
ever
50%
everything
50%
get
50%
hates
50%
let
50%
like
50%
mad
50%
many
50%
now
50%
off
50%
people
50%
so
50%
tomorrow
50%
wake
50%
will
50%
(with)
50%
2
44%
ask
44%
look
44%
numbers
44%
ten
44%
wanna
44%
wont
44%
won't
44%
you're
44%
again
39%
clue
39%
could
39%
home
39%
its
39%
It's
39%
jealous
39%
myself
39%
one's
39%
shitty
39%
suitcase
39%
what
39%
without
39%
younger
39%
adjourn
33%
change
33%
escape
33%
hours
33%
keep
33%
never
33%
over
33%
phone
33%
place
33%
right
33%
say?
33%
say
33%
school
33%
sweater
33%
tease
33%
then
33%
this
33%
time
33%
today
33%
we
33%
wish
33%
away?
28%
candy
28%
college
28%
days
28%
feather
28%
getting
28%
if
28%
is
28%
light
28%
through
28%
all
22%
eat
22%
everlasting
22%
fine
22%
happen
22%
happy
22%
job
22%
letters
22%
see
22%
spent
22%
sweating
22%
take
22%
tiny
22%
want
22%
was
22%
yesterday
22%
6AM
17%
blew
17%
coat
17%
good
17%
hope
17%
should
17%
sleep
17%
tally
17%
until
17%
would
17%
being
11%
bell
11%
bus
11%
can't
11%
fun
11%
know
11%
skin
11%
stop
11%
that
11%
try
11%
went
11%
hang
6%
hiding
6%
make
6%
really
6%
thought
6%
walking
6%
we're
6%
anything
0%
even
0%
find
0%
tiring
0%
No matching quizzes found
Score Distribution
Percent of People with Each Score
Percentile by Number Answered
Your Score History
You have not taken this quiz